000 00350 a2200157 4500
001 65705
020 _a019431197X
040 _cAnchieta - Pituba
100 _aMichael, Swan
240 1 0 _aPractical english usage
_leng
245 1 0 _aPractical english usage
300 _a658
362 0 _a1995
650 4 _aInglês e inglês antigo
942 _cBK
999 _c65705
_d65705